000 00901nam a22002897a 4500
003 DO-SdBPM
005 20260518123216.0
007 ta
008 210323b2016 dr |||| 00| 0 spa d
020 _a9789945167337
040 _aDO-SdBPM
_bspa
_cBPMSU
_erda
082 0 4 _a233.11
_bG216d 2016
_222
100 1 _aGarcía, Diógenes
_eautor
_4aut.
245 1 0 _aDiálogo entre Dios y el hombre /
_cGarcía, Diógenes
264 _aSanto Domingo :
_bEditora Búho,
_c2016.
300 _a197 páginas ;
_c21 cm.
_b
336 _atexto
_btxt
_2rdacontent
337 _asin mediación
_bn
_2rdamedia
338 _avolumen
_bnc
_2rdacarrier
590 _aInventariado, 2026,/VM
650 7 _aReligión y ciencia
650 7 _aCreación
650 7 _aOrigen de la vida
_xTeorías
650 7 _aOrigen del ser human
_xTeorías
910 _aVMateo V. Control de calidad. BPMSU
942 _2ddc
_cBK
999 _c13408
_d13408